| 000 | 01120nam a2200241Ia 4500 | ||
|---|---|---|---|
| 003 | Ost | ||
| 005 | 20260507075137.0 | ||
| 008 | 260507s9999||||xx |||||||||||||| ||und|| | ||
| 020 | _a5095329957 | ||
| 040 | _cfsecg | ||
| 041 | _aara | ||
| 082 | _a330 | ||
| 100 |
_aالبياتي، محمود مهدي _eمؤلف |
||
| 245 | 0 |
_aالرياضيات وتطبيقاتها في العلوم الإدارية والإقتصادية / _c محمود مهدي البياتي |
|
| 260 |
_aعمان: _bدار ومكتبة الحامد للنشر, _c2006 |
||
| 300 |
_a336 صفحة؛ _bإيضاحات ؛ _c24 سم |
||
| 520 | _aمراجعةفي الجبر- معادلة بمتغير واحد- المتباينات- الخطوط المستقيمة وأنظمة المعادلات الخطية- الدوال والرسوم- المصفوفات- المشتقات وتطبيقاتها- التكامل وتطبيقاته | ||
| 653 | _aالرياضيات | ||
| 653 | _aالعلوم الإدارية | ||
| 653 | _aالعلوم الإقتصادية | ||
| 700 |
_aالقاضي، دلال _eمؤلف ثانوي |
||
| 942 | _cكتاب | ||
| 999 |
_c43275 _d43275 |
||